000 00821nam a2200205 4500
001 143219
003 ES-MaACL
005 20230906200744.0
007 t|
008 070214s1908 cl r ||||1| spa d
100 1 _aSemper, Erwin.
_9105399
245 1 3 _aLa industria del salitre en Chile /
_cErwin Semper, Dr. Michels ; traducida directamente del alemán considerablemente aumentada por Javier Gandarillas, Orlando Gluigliotto Salas.
260 _aSantiago de Chile :
_b[s.n.],
_c1908.
300 _aXIII, 417 p. ;
_c26 cm.
500 _amonografía publicada en la Revista Oficial de Minas, Metalurgia y Sustancias Salinas, vol. 52, año 1904 en Berlín.
700 1 _aGandarillas, Javier.
_953831
700 1 _aGluigliotto Salas, Orlando.
_957462
700 1 _aDr. Michels.
_945564
852 _aES-MaACL
_jG-5296
999 _c143219
_d143219